000
00342nam a2200157Ia 4500
003
IT-RoPAU
008
120407s9999 xx 000 0 und d
040
_a
IT-RoPAU
040
_c
IT-RoPAU
100
_a
Giacomo Alberione
245
_a
Mary queen of apostles
260
_a
St Paul Editions
300
_c
cm
490
_v
1
942
_c
BK
999
_c
11829
_d
11829